Management Accounting (Record no. 7287)

MARC details
000 -LEADER
fixed length control field 00307nam a2200133Ia 4500
008 - FIXED-LENGTH DATA ELEMENTS--GENERAL INFORMATION
fixed length control field 191201s2008 xx 000 0 und d
100 ## - MAIN ENTRY--PERSONAL NAME
Personal name GUPTA, Shashi K
245 #0 - TITLE STATEMENT
Title Management Accounting
250 ## - EDITION STATEMENT
Edition statement 11th Rev.
260 ## - PUBLICATION, DISTRIBUTION, ETC. (IMPRINT)
Date of publication, distribution, etc 2008
Name of publisher, distributor, etc kalyani
Place of publication, distribution, etc N.Delhi
300 ## - PHYSICAL DESCRIPTION
Extent misc.
650 ## - SUBJECT ADDED ENTRY--TOPICAL TERM
Topical term or geographic name as entry element MBA
942 ## - ADDED ENTRY ELEMENTS (KOHA)
Source of classification or shelving scheme Dewey Decimal Classification
Koha item type Book Bank
Holdings
Withdrawn status Lost status Source of classification or shelving scheme Damaged status Not for loan Collection code Home library Current library Date acquired Source of acquisition Cost, normal purchase price Bill Number Total Checkouts Acc. no. / Barcode Checked out Date last seen Date last borrowed Bill Date Koha item type
    Dewey Decimal Classification     MBA PIET C-LIBRARY PIET C-LIBRARY 24/02/2009 J B C, New Delhi 425.00 SI-6012 1 BB4525 22/05/2024 24/11/2023 24/11/2023 24/02/2009 Book Bank
    Dewey Decimal Classification     MBA PIET C-LIBRARY PIET C-LIBRARY 24/02/2009 J B C, New Delhi 425.00 SI-6012 1 BB4526 24/05/2021 04/11/2020 04/11/2020 24/02/2009 Book Bank

Design & Developed by: PIET Central Library
R70 Miles Stone Pattikalyana Samalkha Panipat 132102
mail ID :- [email protected], Phone No:- 0180-2569700 Ex.216